| Tag |
First Indicator |
Second Indicator |
Subfields |
| LEADER |
00000cam a2200000 a 4500 |
| 001 |
in00000015333 |
| 005 |
20151007053033.0 |
| 008 |
870508s1988 nyua 00110 eng |
| 010 |
|
|
|a 87081071
|
| 020 |
|
|
|a 0878149023 :
|c $26.95
|
| 035 |
|
|
|a (OCoLC)15791496
|
| 035 |
|
|
|9 AAB0149AM
|
| 040 |
|
|
|a DLC
|c DLC
|d TXA
|d UtOrBLW
|
| 049 |
|
|
|a TXAM
|c [A12609566]
|
| 050 |
0 |
0 |
|a TH9182
|b .D86 1988
|
| 082 |
0 |
|
|a 628.9/25
|2 19
|
| 100 |
1 |
|
|a Dunn, Vincent,
|d 1935-
|
| 245 |
1 |
0 |
|a Collapse of burning buildings :
|b a guide to fireground safety /
|c Vincent Dunn.
|
| 264 |
|
1 |
|a New York, NY :
|b Fire Engineering,
|c [1988]
|
| 264 |
|
4 |
|c ©1988
|
| 300 |
|
|
|a xv, 287 pages :
|b illustrations ;
|c 24 cm.
|
| 336 |
|
|
|a text
|b txt
|2 rdacontent
|
| 337 |
|
|
|a unmediated
|b n
|2 rdamedia
|
| 338 |
|
|
|a volume
|b nc
|2 rdacarrier
|
| 490 |
1 |
|
|a Firefighter survival training series
|
| 500 |
|
|
|a "A PennWell publication."
|
| 500 |
|
|
|a Includes index.
|
| 650 |
|
0 |
|a Fire extinction
|x Safety measures.
|
| 650 |
|
0 |
|a Building failures
|x Safety measures.
|
| 830 |
|
0 |
|a Firefighter survival training series.
|
| 999 |
|
|
|a MARS
|
| 999 |
f |
f |
|s 61227370-085d-371f-aa4c-3a500c1db3e5
|i 59f79aa2-adfd-340a-b7a0-ad08c8eb97bf
|t 0
|
| 952 |
f |
f |
|p normal
|a Texas A&M University
|b College Station
|c Sterling C. Evans Library
|d Evans: Library Stacks
|t 0
|e TH9182 .D86 1988
|h Library of Congress classification
|i unmediated -- volume
|m A14812609566
|
| 998 |
f |
f |
|a TH9182 .D86 1988
|t 0
|l Evans: Library Stacks
|